Movies Quiz

Random Movies or Actor Quiz

Movies Set in Africa Quiz Stats

 Plays Quiz Updated Feb 12, 2020

     
Support Sporcle.
Go Orange.
Score 0/28 Timer 08:00
0 Plays Today
Year Actor Movie % Correct
2005 - Ben Stiller (animated)Madagascar
86.6%
2006 - Leonardo DiCaprioBlood Diamond
86.5%
2004 - Don CheadleHotel Rwanda
80.8%
2006 - Forest WhitakerThe Last King of Scotland
73.6%
1942 - Humphrey BogartCasablanca
70.6%
1985 - Meryl StreepOut of Africa
61.5%
1963 - Elizabeth TaylorCleopatra
60.5%
2009 - Matt DamonInvictus
58.1%
1994 - Matthew Broderick (animated)The Lion King
57.9%
2001 - Josh HartnettBlack Hawk Down
54.6%
1996 - Ralph FiennesThe English Patient
48.7%
1998 - Val Kilmer (animated)The Prince of Egypt
46.5%
2005 - Matthew McConaugheySahara
43.6%
1951 - Humphrey BogartThe African Queen
43.1%
Year Actor Movie % Correct
1988 - Sigourney WeaverGorillas in the Mist
36.1%
2005 - Ralph FiennesThe Constant Gardener
28%
1964 - Michael CaineZulu
25.1%
1966 - ElsaBorn Free
21.4%
1981 - N!xauThe Gods Must Be Crazy
20.5%
1987 - Dustin HoffmanIshtar
20.1%
1996 - Michael DouglasThe Ghost and the Darkness
11.6%
1965 - James StewartThe Flight of the Phoenix
11.5%
1978 - Peter UstinovDeath on the Nile
11.4%
1987 - Denzel WashingtonCry Freedom
11.3%
1995 - James Earl JonesCry, The Beloved Country
7.5%
1990 - Clint EastwoodWhite Hunter Black Heart
7.2%
1992 - Whoopi GoldbergSarafina!
4.7%
1989 - Donald SutherlandA Dry White Season
3.7%

From the Vault

'A' Missing Letter Movie Match

by livicj5

Movies 4m
Somebody really screwed up these movie titles. We hope you can fix them.
Remove Ads.
Support Sporcle.
Get the best of Sporcle when you Go Orange. This ad-free experience offers more features, more stats, and more fun while also helping to support Sporcle. Thank you for becoming a member.

Show Comments

Extras

Top Quizzes Today


Score Distribution

Your Account Isn't Verified!

In order to create a playlist on Sporcle, you need to verify the email address you used during registration. Go to your Sporcle Settings to finish the process.

Report this User

Report this user for behavior that violates our Community Guidelines.

Details: